| 000 | 00650nam a2200217 4500 | ||
|---|---|---|---|
| 010 | _aA-779878 | ||
| 020 | _a0886877806 | ||
| 035 | _aA-779878 | ||
| 037 | _bCen Lib / Ret | ||
| 040 |
_aDPL _bEN |
||
| 082 |
_a050 _bWOR |
||
| 245 |
_aThe World almanac and book of facts, 1996 / _cedied by Robert Famighetti |
||
| 260 |
_aNew Jersey _bWorld Almanac Books _c1996 |
||
| 270 |
_aOne International Boulevard Suite 444 _bNew Jersey |
||
| 300 |
_a975p _b27cm(Hb) |
||
| 650 | _aAlmanacs, American. | ||
| 650 | _aStatistics -- Periodicals. | ||
| 650 | _aAlmanacs. | ||
| 700 | _aFamighetti, Robert | ||
| 942 |
_2ddc _cEN _h050 _mWOR |
||
| 999 |
_c136840 _d136840 |
||